000 00435nam a22001697a 4500
003 OSt
008 200604b ||||| |||| 00| 0 eng d
020 _a 9788123915876
082 _a615.18 CAD
100 _a Carstensen, Jens.T (ed)
245 _aDrug Stability: Principles and Practices
250 _a3rd
260 _aNew Delhi
_bInforma Health Care
_c2010
310 _a773
650 _aPharmacy General Books
942 _2ddc
_cBK
999 _c8649
_d8649